Los riesgos del trabajo y la ley 26773: aplicación inmediata. Opción excluyente. Constitucionalidad. Indemnizaciones tarifadas. Cambios. Jurisprudencia (Registro nro. 18686)
[ vista simple ]
| 000 -LEADER | |
|---|---|
| fixed length control field | 00424 a2200109 4500 |
| 001 - CONTROL NUMBER | |
| control field | ART_40264 |
| 005 - DATE AND TIME OF LATEST TRANSACTION | |
| control field | 20260410161740.0 |
| 008 - FIXED-LENGTH DATA ELEMENTS--GENERAL INFORMATION | |
| fixed length control field | 260409a |
| 100 1# - MAIN ENTRY--PERSONAL NAME | |
| Personal name | Duarte, David |
| 245 10 - TITLE STATEMENT | |
| Title | Los riesgos del trabajo y la ley 26773: aplicación inmediata. Opción excluyente. Constitucionalidad. Indemnizaciones tarifadas. Cambios. Jurisprudencia |
| 773 0# - HOST ITEM ENTRY | |
| Title | Doctrina laboral |
| Related parts | - Nº 339 (nov. 2013) |
| Record control number | REV4049 |
No hay ítems disponibles.